|
|
|
|
| LEADER |
00837cam a2200229 7i4500 |
| 001 |
0000039631 |
| 005 |
20230718090000.0 |
| 020 |
|
|
|a 9781843152903 (pbk.)
|
| 090 |
0 |
0 |
|a J652.1
|b COO
|
| 100 |
1 |
|
|a Cooper, Stephanie
|
| 245 |
1 |
0 |
|a Handwriting 5-6
|c author : Stephanie Cooper ; illustrators : Emma Holt and Chris McGhie.
|
| 250 |
|
|
|a 2nd ed.
|
| 260 |
|
|
|a London:
|b Lett Educational Ltd.,
|c 2003.
|
| 300 |
|
|
|a 48 p.:
|b col. ill.;
|c 28 cm.
|
| 490 |
0 |
|
|a Fun Learning series
|
| 650 |
0 |
0 |
|a Penmanship
|
| 650 |
0 |
0 |
|a Education, Elementary --
|x Parent participation --
|z Great Britain
|
| 700 |
1 |
|
|a Holt, Emma
|
| 700 |
1 |
|
|a McGhie, Chris
|
| 997 |
|
|
|a Education & Social Sciences, Faculty
|b Early Chilhood Studies, Department
|
| 998 |
|
|
|a Preschool Education, Diploma
|
| 999 |
|
|
|a 0000050971
|b BOK
|c OPEN SHELF - CHILDREN
|e Ground Floor, Bestari Jaya
|